| 000 | 00547nam a2200157Ia 4500 | ||
|---|---|---|---|
| 008 | 230907s9999||||xx |||||||||||||| ||und|| | ||
| 082 |
_a621.4 _bMUS |
||
| 100 |
_aMusharraf Wajahat (00000117514) _9116393 |
||
| 245 | 0 | _aImpact of increased PV pentration on low voltage CIGRE network mitigation techniques and worst day estimation algorithm / | |
| 260 |
_aUSPCAS-E, NUST, _bIslamabad : _c2018 |
||
| 300 | _axiv, 164p.: | ||
| 520 | _aTH-108 | ||
| 650 | _aMS-ESE Thesis MS Thesis | ||
| 700 |
_aDr Hassan Abdullah Khalid _928912 |
||
| 942 |
_cTHE _2ddc |
||
| 999 |
_c601787 _d601787 |
||